[Event "Washington Open, Open section"]
[Site "Redmond, WA"]
[Date "2024.05.26"]
[Round "5"]
[White "Murray, David"]
[Black "Razmov, Gabriel"]
[Result "0-1"]
[WhiteElo "1968"]
[BlackElo "1815"]
[Annotator "Gabriel Razmov"]
[PlyCount "62"]
[GameId "2064795628560442"]
[EventDate "2024.??.??"]
[SourceVersionDate "2020.12.21"]

{[%evp 0,62,14,19,14,-6,-15,-38,-4,-20,42,19,19,4,-2,7,15,1,15,24,19,18,7,14,3,7,30,3,23,22,28,-28,10,-5,54,55,37,42,148,123,141,81,81,81,203,-139,-126,-266,-299,-363,-385,-379,-349,-347,-320,-332,-365,-433,-363,-365,-401,-809,-823,-853,-688]} 1. Nf3 Nf6 2. g3 d5 3. c4 e6 4. Bg2 {White chooses the Catalan Opening, a potent system to play against the Black configuration. I decide to aim for a Queen's Indian structure instead.} b6 5. O-O Be7 (5... Bd6 6. d4 O-O) 6. b3 (6. cxd5 exd5 7. d4 O-O) 6... Bb7 7. Bb2 Nbd7 8. d4 c5 {So far both sides have tried to maintain some flexibility in their options.} 9. cxd5 exd5 10. Nbd2 O-O 11. Rc1 Re8 12. Qc2 Rc8 {With both sides having completed development, middlegame plans must now be made and put into action. Black wants to keep tension in the center and control e4, while White will try to eventually attack on the kingside.} 13. Qb1 Bf8 14. e3 g6 {Maneuvering the bishop to the long diagonal, in order to make the kingside safer.} 15. Ne5 $6 {A natural move, but it offers Black a chance for an advantage via an exchange sacrifice. I saw the option for that, but didn't appreciate how good it was for Black.} (15. Rfd1 Bg7 16. Ne1 Qe7 $14) 15... Bg7 $6 {An automatic move that misses to take advantage of the opportunity, and allows White a free hand to expand on the kingside.} (15... Nxe5 $1 {would instead seize the edge, since} 16. dxe5 Ng4 17. Rfd1 (17. Bh3 $6 {is what I was worried about but after} Nxe5 $1 (17... h5) 18. Bxe5 Rxe5 19. Bxc8 Qxc8 $17 {Black stands better due to the central control and the diagonals opening up for an attack.}) 17... Qe7 18. Nf3 Bg7 $17 {and the e5-pawn is very weak.}) 16. f4 Nxe5 $6 {Unnecessary at this point, since White doesn't threaten anything concrete: attempts at a direct attack fail, e.g.:} (16... Rc7 17. f5 $2 (17. Rfe1 h5 18. h3 Qe7) 17... Nxe5 18. dxe5 Ng4 19. f6 $2 Bh6 $17) 17. dxe5 Nd7 18. Nc4 $1 $14 dxc4 $6 {I remember playing this move very quickly, not realizing that there was another viable option. White now obtains a clear advantage.} (18... Bf8 {could be a better alternative, though White's position remains pleasant after} 19. f5 Qg5 20. Rf4 $14) 19. Bxb7 Rc7 20. Bd5 $2 {The hanging nature of White's bishop allows Black to regain some chances.} (20. Ba6 $5 {would instead create an uncomfortable situation for Black. After} cxb3 21. axb3 Qe7 22. Bc4 $16 {White is ready to attack on the kingside, and Black will have a hard time defending.}) 20... Nxe5 {A typical tactic.} (20... c3 $5 {is another strong idea that I missed. If} 21. Bxc3 Nxe5 $1 $14 {where White would have a relatively worse structure.}) 21. Rcd1 {This move puzzled me, so I spent a long time deciding between ...Rd7 and ...Nd7. As it turns out, I chose incorrectly.} (21. Bxe5 Bxe5 22. Bxc4 Bf6 $13) 21... Nd7 $2 {An error that gives White a close to winning position.} (21... Rd7 $1 {is the more active and sensible option. I cannot remember why I didn't choose this. I must have been spooked by} 22. bxc4 Ng4 23. Bxg7 Kxg7 24. Bc6 {but then after} Rxd1 25. Rxd1 Qe7 $1 26. e4 {White is only slightly better.} (26. Bxe8 $4 {would lose instantly to} Qxe3+ 27. Kh1 Qf3+ {and mate follows.})) 22. e4 $4 {A critical tactical oversight, possibly born out of choosing between several pleasant options for White. As a result, the course of the game now changes radically. Black suddenly finds themselves in the driver's seat.} (22. f5 $1 {is strongest, and would instead have given White an excellent attacking position. After} Kh8 ({or} 22... c3 23. fxg6 $16) 23. Bxg7+ (23. Bxf7 $6 c3) 23... Kxg7 24. Bxf7 {White should go on to win.}) 22... c3 $1 {Suddenly the tide has turned, and Black is the one with a large advantage.} 23. Bc1 $2 {A decisive mistake.} (23. Ba1 {looks awkward, but is far more resilient concretely, e.g.,} Bd4+ 24. Kh1 Nf6 25. Bxc3 $5 Nxd5 26. Bxd4 cxd4 27. Rxd4 Rd7 28. exd5 Rxd5 29. Re4 {where despite Black's advantage in the heavy-piece endgame White still retains practical drawing chances.}) 23... Bd4+ 24. Rxd4 {Desperation, but there is no defense for White at this point.} (24. Kh1 {loses to} Nf6 $19 {when Black wins another pawn and dominates.}) 24... cxd4 $19 25. Qd3 Nf6 26. Qxd4 Nxd5 27. exd5 Rc5 28. d6 (28. Rd1 {also loses after} c2 {with ...Re1+ or ...Rxd5 to follow.} (28... Rxd5 {is another way to win, slower perhaps, based on tactics:} 29. Qxd5 Re1+ 30. Rxe1 Qxd5 {and the c-pawn will decide shortly.})) 28... Re6 29. Ba3 Rxd6 30. Qa4 Ra5 {Now Black is up an exchange and still has the passed c-pawn on top of that.} 31. Qb4 Rd4 {This move is simplest, forcing queen trades or a win of the bishop. Given Black's material advantage, White chose to resign here. This was an interesting and at the same time humbling game, since as I analyzed it afterwards, it turned out that many positions and options that I thought were okay weren't, and vice versa.} 0-1

[Event "Washington Open, Premier U1800 section"]
[Site "?"]
[Date "2024.05.26"]
[Round "3"]
[White "Dann, William"]
[Black "Bimod, Karthik"]
[Result "1-0"]
[WhiteElo "1611"]
[BlackElo "1730"]
[Annotator "Willian Dann"]
[PlyCount "85"]
[GameId "2066105704489059"]
[EventDate "2024.05.25"]
[EventType "swiss"]
[EventRounds "6"]
[SourceVersionDate "2020.12.21"]

{[%evp 0,85,19,38,40,46,70,70,58,62,51,21,33,0,1,-1,34,27,25,32,40,-14,-11,0,13,15,10,63,44,73,75,37,151,162,227,220,235,194,198,202,268,241,303,303,315,327,308,295,268,285,350,266,259,256,264,256,263,245,263,258,293,262,275,282,287,282,282,228,231,242,245,280,304,297,344,341,428,487,569,519,605,612,749,544,561,548,574,539]} 1. e4 c5 2. Nc3 d6 3. d4 $5 {This interesting line has been dubbed the Magnus Sicilian, and is my current favorite way to play these positions. This became popular after Magnus Carlsen used it to beat Wojtaszek in 2018. The plan is not to play Bb5, but to play the simple b2-b3, Bb2, O-O-O, and usually attack on the kingside. The white king is very secure in these positions, and as a bonus if black plays Nc6 the knight is misplaced as d7 is the usual Najdorf post for the queen's knight. Check out Carlsen - Wojtaszek Shamkir 2018 if you're curious about the game that served as inspiration for this line!} cxd4 4. Qxd4 Nc6 5. Qd2 Nf6 6. b3 a6 7. Bb2 e5 $2 {This plan is very slow and will allow white to take over the game} 8. O-O-O Be6 $6 {This bishop will be a target after white is able to play f4} (8... Be7 9. Kb1 O-O 10. f4 exf4 11. Nge2 $5 b5 12. Nxf4 Ne5 13. Nfd5 Nxd5 14. Nxd5 Bb7 {May be a safer try, but I still like white!}) 9. f4 {In hindsight this may be rushed. Kb1 is almost always a useful move to insert in these positions. There is a note later where I almost get punished for ommiting this move.} b5 $6 (9... Be7 10. Kb1 O-O $6 11. f5 Bd7 12. g4 $1 {Is a very common idea to remember when black castles kingside in these lines!} Nxg4 13. Nf3 Nf6 14. Rg1 {And white has a very strong attack for the pawn}) (9... g6 10. Kb1 Bg7 11. Nge2 O-O 12. h3 b5 13. g4 b4 14. f5 $1 bxc3 15. Nxc3 $1 (15. Qxc3 $2 Nxe4 16. Qxc6 {Takes back the material but at a huge cost!} gxf5 17. Bg2 Rc8 18. Qxa6 Qc7 {Black is now the one with a terrible attack}) 15... Bc8 16. g5 Nh5 17. f6 Nxf6 $1 (17... Bh8 18. Qxd6 {Is truly awful!}) 18. gxf6 Bxf6 19. Qxd6 {All that and I'd still prefer white.}) 10. f5 $5 (10. Nf3 $1 {Shows that black is not really making a threat to take on e4, as that opens lines in front of their king!} b4 $2 11. Nd5 Nxe4 12. Qe3 Nc3 13. Bc4 $5 Be7 (13... Nxa2+ 14. Kb1 Nc3+ 15. Bxc3 bxc3 16. fxe5 $18) 14. Bxc3 bxc3 15. fxe5 Nxe5 16. Nxe5 Bg5 {This is why everyone plays Kb1 first! We can get away with it here, amazingly.} 17. Nc7+ $1 Kf8 $1 18. Nxe6+ fxe6 19. Rhf1+ Ke8 20. Rf4 $1 Qa5 21. Kb1 $1 {Don't get mated after all that!} Qxe5 22. Qxe5 dxe5 23. Re4 {White's doing great now. My opponent and I did not come close to seeing any of this in the game, for sure.}) 10... Bc8 11. Qe1 $5 {Not allowing the b4 and takes on e4 idea while putting the queen on the same file as the king. Nd5 may still open the e file if black does not castle right now. I figured this was the best way to defend the threat, although again it may not be a threat at all!} Bb7 12. Nf3 Qc7 $2 {Fatal. This only adds force to my planned Nd5 to open the position} (12... Be7 13. g4 $1 Nxg4 14. Rg1 Nf6 15. Rxg7 {Failed easily, though}) (12... Qa5 13. Kb1 Rc8 14. Rg1 Be7 15. a3 $1 {And black is getting counterplay} (15. g4 Nb4 16. a3 Nxc2 $1 17. Kxc2 Bxe4+ {Would be a disaster!})) 13. Nd5 $1 Nxd5 14. exd5 {Because:} Ne7 15. Nxe5 $1 f6 $2 (15... dxe5 {Is the lesser evil} 16. d6 (16. Bxe5 $5 {Was my original idea before I realized the simple d6 was better} Qb6 17. d6 O-O-O $1 18. dxe7 Rxd1+ 19. Qxd1 Bxe7 {Somehow black survived only down a pawn, which I did not think was possible during the game.}) 16... Qc5 17. dxe7 Bxe7 18. Qxe5 Qxe5 19. Bxe5 {And black is still in the fight!}) 16. Nd3 Qd7 17. Nf4 O-O-O 18. g4 {The knight's job for now is to support d5 until it can stand on it's own.} Kb8 19. Bg2 Rc8 20. Ne6 Ng8 21. Bd4 Be7 22. Bf2 Nh6 23. Qe3 Ba8 {It's amazing there is no immediate mate here!} 24. h3 Nf7 25. Qb6+ Qb7 26. Qxb7+ Bxb7 27. Nxg7 Ne5 28. Kb2 Rhg8 29. Nh5 {Stopping pawn h5 treating the g3 pawn like a hook. No reason to allow black to do something.} Rc7 30. Nf4 Rd7 31. Bd4 Kc8 32. Rc1 Kb8 33. c4 bxc4 34. bxc4 Bf8 35. Bxe5 dxe5 36. Ne6 Be7 37. Rhd1 Bc8 38. c5 Rb7+ 39. Ka1 Bd8 40. d6 Bd7 41. Bxb7 Kxb7 42. Rb1+ Ka7 43. Rdc1 {Black resigns.} 1-0

[Event "Washington Open, Premier U1800 sect"]
[Site "?"]
[Date "2024.05.26"]
[Round "3"]
[White "Gadde, Arnav"]
[Black "Nallappa, Vijay"]
[Result "1-0"]
[WhiteElo "1650"]
[BlackElo "1781"]
[Annotator "Arnav Gadde"]
[PlyCount "129"]
[GameId "2066105704513637"]
[EventDate "2024.??.??"]
[SourceVersionDate "2020.12.21"]

{[%evp 0,129,19,31,19,0,-3,-3,1,9,58,35,15,15,10,7,9,0,0,-28,-12,-18,-31,-51,-46,-72,-63,-30,-84,-98,37,27,44,30,39,29,22,37,36,31,25,19,40,-14,0,-5,-20,-30,-25,-16,-20,-20,-26,-24,-14,-14,-20,-20,0,-12,0,-20,-13,-32,0,-11,86,76,77,71,55,79,79,88,90,90,97,109,160,136,176,176,168,185,206,210,227,181,216,229,259,252,256,221,241,263,274,268,278,276,268,256,264,271,253,176,189,180,707,157,164,164,936,982,2236,29976,29977,29978,29979,29980,29981,29982,29983,29984,29985,29982,29987,29988,29989,29990,29991,29992] In the third round, I entered the game with a 2.0/2 record. Although I was aware that Vijay had secured the title in the same tournament last year, I remained determined to give my best effort. After all, every game is an opportunity to learn and grow.} 1. d4 d5 2. c4 e6 3. Nf3 Nf6 4. Nc3 dxc4 5. e3 a6 {I chose 5.e3 over e4 because in the 5.e4 variation, my pawns appeared vulnerable.} 6. Bxc4 b5 7. Bd3 Bb7 8. O-O {Here I felt that Vijay’s position is slightly better because his pieces look better than mine.} c5 9. Be2 {I didn’t take the pawn on c5 because I didn’t want the bishop to come out. I played Be2 because I wanted to defend my f3 knight with my bishop because I can move the queen without worrying about knight being captured and weakening my king.} Nc6 10. a3 $5 {I played this move because I wanted to go dxc5 Bxc5 and then go b4 and fianchetto my dark-squared bishop.} Qc7 $6 {I thought he just needed to move his bishop back and I will develop my bishop on the next move, but the move he played now was unexpected, and he also spent about 20 minutes on this move!} 11. dxc5 Bxc5 12. b4 Rd8 13. Qc2 $6 Nxb4 $3 {I did not anticipate the 13…Nxb4 sacrifice.} 14. Nxb5 $5 Nxc2 $6 15. Nxc7+ Kd7 16. Ra2 Nxe3 $1 17. Nxe6 Kxe6 18. Bxe3 Bxe3 19. fxe3 Bxf3 20. gxf3 Rd6 21. Rb1 Rc8 {Both sides take open files. At this point it looked to me like a drawn game.} 22. Rab2 Nd5 $1 {Black is bringing the knight into the game.} 23. Kf2 Nc3 24. Rg1 {I played this move to attack the g7-pawn, bring my rook to g4, and control the fourth rank.} g6 25. Rg4 Nxe2 26. Re4+ {Throwing in a check before taking the knight. This move also controls e-file and defends the a-pawn when it moves.} Kf6 27. Kxe2 Rc3 28. a4 Rcd3 29. h4 {I made this move with the intention of preventing the opponent’s king from reaching the g5-square. Additionally, I ensured that I wouldn’t lose my pawn even if there were potential checks on the second rank.} Rd1 30. Rf4+ Kg7 31. e4 {Here I played e4 to make breathing space for my king so I can get my rook on b2 to go to the seventh rank.} R1d4 32. Rb7 {I thought of 32.e5 Rxf4 33.exd6 Rd4, but I felt it would be better with two rooks on the board.} Rf6 $6 33. Rxf6 Kxf6 34. Rb6+ Ke5 35. Rxa6 {Here the engine thought Rxa6 was an inaccuracy, but in the game my thought process was to make my opponent think for a long time as he was already down in time.} Rb4 36. Ra7 Rb2+ 37. Ke3 Rb3+ 38. Kf2 f6 $2 {38…f6 is a mistake because it loses another pawn.} 39. Kg3 {This move stops any …Kf4 threats.} Ra3 40. Re7+ $1 Kd6 41. Rxh7 Rxa4 42. Rh6 $5 {I considered the move Rg7. However, I hesitated because I anticipated that Black might check my king. If I were to move my king in response, Black could then attack my vulnerable pawn on h4. Balancing risk and reward, I opted for an alternative move.} Ra1 43. Kf4 Ke6 44. Rxg6 Ra5 45. Rg7 {I made this move with the intention of preventing the opponent’s king from advancing to the seventh rank. By restricting their king’s movement, I aimed to gain a positional advantage.} Ra1 46. h5 Rh1 47. Rh7 Rh2 48. h6 Rh5 49. Kg4 Rh1 50. f4 f5+ 51. exf5+ Kf6 52. Ra7 Rg1+ 53. Kf3 Kxf5 $6 54. Rf7+ $4 {My move was a significant error, resulting in the position now being a draw. Specifically, after 54…Ke6, the subsequent moves 55.Ra7 and 56.Rh1 failed to secure an advantage.} Ke6 55. Ra7 Kf5 $2 {Vijay’s move 55…Kf5 proved to be a critical error, granting me back an advantage. However, the optimal sequence would have been 55…Rh1, followed by 56.Kg4 and 56…Rg1+. Unfortunately, time pressure could have led to this as he was low on time.} 56. Ra5+ $1 Kg6 $6 {56…Ke6 and Black could try for a draw, but then White will play 57.Rh5 and promote his pawn.} 57. Rg5+ Rxg5 $18 {White forced simplification and will win the game.} 58. fxg5 Kh7 59. Kf4 Kg6 60. Kg4 Kh7 61. Kf5 Kg8 62. Kf6 Kh7 63. g6+ Kh8 64. g7+ Kg8 65. h7+ {In a hard-fought game lasting five intense hours, Black eventually resigned. White’s unstoppable pawn promotion (queening) left Black with no viable moves. The opening phase saw Vijay with an advantage, but as the game progressed, it reached a draw. Unfortunately for Vijay, a time pressure blunder led to his defeat. This pivotal match significantly boosted my confidence. Despite struggling in my online games and doubting my ability to defeat higher-rated opponents, this victory showed me that I could achieve anything. With a perfect score of 3.0/3, I entered the subsequent rounds. Although I secured draws against the first and second place players, a half-point bye in the final round allowed me to finish with 4.5/6 points, tying for third place overall.} 1-0